| 000 | 00512nam a2200169 a 4500 | ||
|---|---|---|---|
| 005 | 20140412111237.0 | ||
| 008 | 050516s19uu xx 00 eng d | ||
| 020 | _a0-7502-0039-1 | ||
| 050 |
_aM 621.8 _bL172 1991 |
||
| 100 | _aLambert, Mark | ||
| 245 |
_aMachines / _cMark Lambert and Alistair Hamilton-McLaren ; illustrations by Stephen Wheele. |
||
| 260 |
_aEngland : _bWayland Publishers Ltd, _c1991. |
||
| 300 | _a48 p. ; ill. | ||
| 440 | _aExploring Technology | ||
| 650 | _aMachinery | ||
| 999 |
_c102493 _d102493 |
||